| Tag |
First Indicator |
Second Indicator |
Subfields |
| LEADER |
00000cam a2200000 a 4500 |
| 001 |
in00003459913 |
| 005 |
20151206104933.0 |
| 008 |
830622s1981 dcua b 00010 eng |
| 010 |
|
|
|a 82114949
|
| 039 |
0 |
|
|a 2
|b 3
|c 3
|d 3
|e 3
|
| 040 |
|
|
|d UtOrBLW
|
| 043 |
|
|
|a s-ck---
|
| 082 |
0 |
|
|a 331.2/91724
|2 19
|
| 090 |
|
|
|a HD5007.Z9
|b B635 1981
|
| 100 |
1 |
|
|a Mohan, Rakesh,
|d 1948-
|
| 245 |
1 |
4 |
|a The determinants of labour earnings in developing metropoli :
|b estimates from Bogota and Cali, Colombia /
|c prepared by Rakesh Mohan.
|
| 264 |
|
1 |
|a Washington, D.C. :
|b World Bank,
|c 1981.
|
| 300 |
|
|
|a 135, 2 pages :
|b illustrations ;
|c 28 cm.
|
| 336 |
|
|
|a text
|b txt
|2 rdacontent
|
| 337 |
|
|
|a unmediated
|b n
|2 rdamedia
|
| 338 |
|
|
|a volume
|b nc
|2 rdacarrier
|
| 490 |
1 |
|
|a World Bank staff working paper ;
|v no. 498
|
| 500 |
|
|
|a Cover title.
|
| 500 |
|
|
|a "October 1981."
|
| 504 |
|
|
|a Bibliography: pages 132-135.
|
| 650 |
|
0 |
|a Wages
|z Colombia
|z Bogotá
|x Mathematical models.
|
| 650 |
|
0 |
|a Wages
|z Colombia
|z Cali
|x Mathematical models.
|
| 650 |
|
0 |
|a Human capital
|z Colombia
|z Bogotá
|x Mathematical models.
|
| 650 |
|
0 |
|a Human capital
|z Colombia
|z Cali
|x Mathematical models.
|
| 830 |
|
0 |
|a World Bank staff working paper ;
|v no. 498.
|
| 999 |
|
|
|a MARS
|
| 999 |
f |
f |
|s 3d45acfe-bff7-359d-b5be-07f59a8db5a5
|i 2605998e-8cae-3287-823d-e759270c2af0
|t 0
|
| 952 |
f |
f |
|p ric
|a Texas A&M University
|b Rellis Campus
|c Joint Library Facility
|d Remote Storage
|t 0
|e HD5007.Z9 B635 1981
|h Library of Congress classification
|i unmediated -- volume
|m 32060004871634
|
| 998 |
f |
f |
|a HD5007.Z9 B635 1981
|t 0
|l Remote Storage
|